<?xml version="1.0" encoding="UTF-8"?>
<record
    xmlns:xsi="http://www.w3.org/2001/XMLSchema-instance"
    xsi:schemaLocation="http://www.loc.gov/MARC21/slim http://www.loc.gov/standards/marcxml/schema/MARC21slim.xsd"
    xmlns="http://www.loc.gov/MARC21/slim">

  <leader>03031ngm a2200457   4500</leader>
  <controlfield tag="003">dpl</controlfield>
  <controlfield tag="005">20080723110517.0</controlfield>
  <controlfield tag="007">dvd</controlfield>
  <controlfield tag="008">||||||sp199   xxu|||||c|||| 00| 0 eng d</controlfield>
  <datafield tag="010" ind1=" " ind2=" ">
    <subfield code="a">DVD-000217-219 &amp; DVD-005337-5341</subfield>
  </datafield>
  <datafield tag="024" ind1=" " ind2=" ">
    <subfield code="a">30021</subfield>
    <subfield code="c">499.00, 299.00 (Revised Price)</subfield>
  </datafield>
  <datafield tag="035" ind1=" " ind2=" ">
    <subfield code="a">DVD-000217-219</subfield>
  </datafield>
  <datafield tag="035" ind1=" " ind2=" ">
    <subfield code="a">DVD-005337-5341</subfield>
  </datafield>
  <datafield tag="040" ind1=" " ind2=" ">
    <subfield code="a">DPL</subfield>
    <subfield code="c">DPL</subfield>
  </datafield>
  <datafield tag="082" ind1=" " ind2=" ">
    <subfield code="a">DVD / DISN</subfield>
  </datafield>
  <datafield tag="245" ind1=" " ind2=" ">
    <subfield code="a">Dr. Dolittle 3:</subfield>
    <subfield code="c">Twentieth Century Fox Presents</subfield>
    <subfield code="h">[videorecording] DVD/</subfield>
    <subfield code="b">Like father, Like Daughter</subfield>
  </datafield>
  <datafield tag="250" ind1=" " ind2=" ">
    <subfield code="a">Special Edition</subfield>
  </datafield>
  <datafield tag="260" ind1=" " ind2=" ">
    <subfield code="b">Twentieth Century Fox </subfield>
    <subfield code="a">Taiwan</subfield>
  </datafield>
  <datafield tag="300" ind1=" " ind2=" ">
    <subfield code="a">1 videodisc DVD; (85 min.) :</subfield>
    <subfield code="b">sd., col. ;</subfield>
    <subfield code="c">4 3/4 in.</subfield>
    <subfield code="f">DVD</subfield>
  </datafield>
  <datafield tag="500" ind1=" " ind2=" ">
    <subfield code="a">Commentary by Rich Throne and Kayla Pratt</subfield>
  </datafield>
  <datafield tag="500" ind1=" " ind2=" ">
    <subfield code="a">Sole Distributor in India M/s. Excel Productions Autio Visuals Pvt. Ltd.</subfield>
  </datafield>
  <datafield tag="538" ind1=" " ind2=" ">
    <subfield code="a">Dolby Digital 5.1-English, Thai Subtitles: English, Contonese, Korean, Mandarin, Thai</subfield>
  </datafield>
  <datafield tag="538" ind1=" " ind2=" ">
    <subfield code="a">Aspect Ratio: 1.85:1, Presentation type: Full Screne, Presentation Size 16x9,  Format DVD 9 Dual Layer Single Sided Disc.</subfield>
  </datafield>
  <datafield tag="650" ind1=" " ind2=" ">
    <subfield code="a">Motion Picture</subfield>
  </datafield>
  <datafield tag="700" ind1=" " ind2=" ">
    <subfield code="a">Prati, Kyla</subfield>
  </datafield>
  <datafield tag="700" ind1=" " ind2=" ">
    <subfield code="a">Wilson, Kristen</subfield>
  </datafield>
  <datafield tag="700" ind1=" " ind2=" ">
    <subfield code="a">Amos, John</subfield>
  </datafield>
  <datafield tag="700" ind1=" " ind2=" ">
    <subfield code="a">Lennertz, Christopher</subfield>
  </datafield>
  <datafield tag="700" ind1=" " ind2=" ">
    <subfield code="a">Dolphin, Connie</subfield>
  </datafield>
  <datafield tag="942" ind1=" " ind2=" ">
    <subfield code="c">CF</subfield>
    <subfield code="2">ddc</subfield>
    <subfield code="h">DVD</subfield>
    <subfield code="m">DRDO</subfield>
  </datafield>
  <datafield tag="999" ind1=" " ind2=" ">
    <subfield code="c">15280</subfield>
    <subfield code="d">15280</subfield>
  </datafield>
  <datafield tag="952" ind1=" " ind2=" ">
    <subfield code="0">0</subfield>
    <subfield code="1">0</subfield>
    <subfield code="2">ddc</subfield>
    <subfield code="4">0</subfield>
    <subfield code="7">0</subfield>
    <subfield code="a">L</subfield>
    <subfield code="b">L</subfield>
    <subfield code="d">2008-09-02</subfield>
    <subfield code="e">Purchase</subfield>
    <subfield code="g">499.00</subfield>
    <subfield code="l">14</subfield>
    <subfield code="m">1</subfield>
    <subfield code="o">DVD DRDO</subfield>
    <subfield code="p">DVD-000217</subfield>
    <subfield code="r">2013-11-26 00:00:00</subfield>
    <subfield code="s">2013-11-12</subfield>
    <subfield code="t">1</subfield>
    <subfield code="v">499.00</subfield>
    <subfield code="w">2008-09-15</subfield>
    <subfield code="y">CF</subfield>
  </datafield>
  <datafield tag="952" ind1=" " ind2=" ">
    <subfield code="0">0</subfield>
    <subfield code="1">0</subfield>
    <subfield code="2">ddc</subfield>
    <subfield code="4">0</subfield>
    <subfield code="7">0</subfield>
    <subfield code="a">ZLS</subfield>
    <subfield code="b">ZLS</subfield>
    <subfield code="d">2008-09-02</subfield>
    <subfield code="e">Purchase</subfield>
    <subfield code="g">499.00</subfield>
    <subfield code="l">38</subfield>
    <subfield code="m">1</subfield>
    <subfield code="o">DVD DRDO</subfield>
    <subfield code="p">DVD-000218</subfield>
    <subfield code="r">2015-06-23 00:00:00</subfield>
    <subfield code="s">2015-06-10</subfield>
    <subfield code="t">1</subfield>
    <subfield code="v">499.00</subfield>
    <subfield code="w">2008-09-15</subfield>
    <subfield code="y">CF</subfield>
  </datafield>
  <datafield tag="952" ind1=" " ind2=" ">
    <subfield code="0">0</subfield>
    <subfield code="1">0</subfield>
    <subfield code="2">ddc</subfield>
    <subfield code="4">0</subfield>
    <subfield code="7">0</subfield>
    <subfield code="a">BL1</subfield>
    <subfield code="b">BL1</subfield>
    <subfield code="d">2008-09-02</subfield>
    <subfield code="e">Purchase</subfield>
    <subfield code="g">499.00</subfield>
    <subfield code="l">18</subfield>
    <subfield code="o">DVD DRDO</subfield>
    <subfield code="p">DVD-000219</subfield>
    <subfield code="r">2013-10-19 00:00:00</subfield>
    <subfield code="s">2013-10-12</subfield>
    <subfield code="t">1</subfield>
    <subfield code="v">499.00</subfield>
    <subfield code="w">2008-09-15</subfield>
    <subfield code="y">CF</subfield>
  </datafield>
  <datafield tag="952" ind1=" " ind2=" ">
    <subfield code="0">0</subfield>
    <subfield code="1">0</subfield>
    <subfield code="2">ddc</subfield>
    <subfield code="4">0</subfield>
    <subfield code="7">0</subfield>
    <subfield code="a">JP</subfield>
    <subfield code="b">JP</subfield>
    <subfield code="d">2009-12-16</subfield>
    <subfield code="e">Pioneers/885/29-10-09/325/13-10-09 /06-11-09 </subfield>
    <subfield code="g">299.00</subfield>
    <subfield code="l">16</subfield>
    <subfield code="o">DVD DRDO</subfield>
    <subfield code="p">DVD-005337</subfield>
    <subfield code="r">2013-03-18 00:00:00</subfield>
    <subfield code="s">2013-02-28</subfield>
    <subfield code="t">1</subfield>
    <subfield code="v">299.00</subfield>
    <subfield code="w">2009-12-16</subfield>
    <subfield code="y">CF</subfield>
  </datafield>
  <datafield tag="952" ind1=" " ind2=" ">
    <subfield code="0">0</subfield>
    <subfield code="1">0</subfield>
    <subfield code="2">ddc</subfield>
    <subfield code="4">0</subfield>
    <subfield code="7">0</subfield>
    <subfield code="a">RKP</subfield>
    <subfield code="b">RKP</subfield>
    <subfield code="d">2009-12-16</subfield>
    <subfield code="e">Pioneers/885/29-10-09/325/13-10-09 /06-11-09 </subfield>
    <subfield code="g">299.00</subfield>
    <subfield code="l">14</subfield>
    <subfield code="m">1</subfield>
    <subfield code="o">DVD DRDO</subfield>
    <subfield code="p">DVD-005338</subfield>
    <subfield code="r">2017-10-14 00:00:00</subfield>
    <subfield code="s">2017-09-20</subfield>
    <subfield code="t">1</subfield>
    <subfield code="v">299.00</subfield>
    <subfield code="w">2009-12-16</subfield>
    <subfield code="y">CF</subfield>
  </datafield>
  <datafield tag="952" ind1=" " ind2=" ">
    <subfield code="0">0</subfield>
    <subfield code="1">0</subfield>
    <subfield code="2">ddc</subfield>
    <subfield code="4">0</subfield>
    <subfield code="7">0</subfield>
    <subfield code="a">VP</subfield>
    <subfield code="b">VP</subfield>
    <subfield code="d">2009-12-16</subfield>
    <subfield code="e">Pioneers/885/29-10-09/325/13-10-09 /06-11-09 </subfield>
    <subfield code="g">299.00</subfield>
    <subfield code="l">10</subfield>
    <subfield code="o">DVD DRDO</subfield>
    <subfield code="p">DVD-005339</subfield>
    <subfield code="r">2014-05-28 00:00:00</subfield>
    <subfield code="s">2011-06-09</subfield>
    <subfield code="t">1</subfield>
    <subfield code="v">299.00</subfield>
    <subfield code="w">2009-12-16</subfield>
    <subfield code="y">CF</subfield>
  </datafield>
  <datafield tag="952" ind1=" " ind2=" ">
    <subfield code="0">0</subfield>
    <subfield code="1">0</subfield>
    <subfield code="2">ddc</subfield>
    <subfield code="4">0</subfield>
    <subfield code="7">0</subfield>
    <subfield code="a">BL3</subfield>
    <subfield code="b">BL3</subfield>
    <subfield code="d">2009-12-16</subfield>
    <subfield code="e">Pioneers/885/29-10-09/325/13-10-09 /06-11-09 </subfield>
    <subfield code="g">299.00</subfield>
    <subfield code="l">5</subfield>
    <subfield code="m">1</subfield>
    <subfield code="o">DVD DRDO</subfield>
    <subfield code="p">DVD-005340</subfield>
    <subfield code="r">2014-06-21 00:00:00</subfield>
    <subfield code="s">2014-06-11</subfield>
    <subfield code="t">1</subfield>
    <subfield code="v">299.00</subfield>
    <subfield code="w">2009-12-16</subfield>
    <subfield code="y">CF</subfield>
  </datafield>
  <datafield tag="952" ind1=" " ind2=" ">
    <subfield code="0">0</subfield>
    <subfield code="1">0</subfield>
    <subfield code="2">ddc</subfield>
    <subfield code="4">0</subfield>
    <subfield code="7">0</subfield>
    <subfield code="a">NR</subfield>
    <subfield code="b">NR</subfield>
    <subfield code="d">2009-12-16</subfield>
    <subfield code="e">Pioneers/885/29-10-09/325/13-10-09 /06-11-09 </subfield>
    <subfield code="g">299.00</subfield>
    <subfield code="l">5</subfield>
    <subfield code="m">1</subfield>
    <subfield code="o">DVD DRDO</subfield>
    <subfield code="p">DVD-005341</subfield>
    <subfield code="r">2012-03-29 00:00:00</subfield>
    <subfield code="s">2012-03-26</subfield>
    <subfield code="t">1</subfield>
    <subfield code="v">299.00</subfield>
    <subfield code="w">2009-12-16</subfield>
    <subfield code="y">CF</subfield>
  </datafield>
</record>
